000 00338nam a2200145Ia 4500
003 OSt
005 20240307144831.0
008 170524s9999 xx 000 0 und d
020 _a978-0133874037
040 _cIIMT
100 _aFraser- L M
245 0 _aUnderstanding Financial Statements
260 _bNEW DELHI : PHI
942 _2ddc
_c02
999 _c8658
_d8658